=LDR 00000nam 2200000 4500 =001 INLIS000000001054199 =005 20251120083204 =035 ##$$a 0010-1125000077 =007 ta =008 251120################g##########0#ind## =020 ##$$a 979-24-8057-9 =082 ##$$a 899.221 3 =084 ##$$a 899.221 3 DEA s =100 #$$a Dea Marta =245 1#$$a Separuh Jiwa /$c Dea Marta =250 ##$$a cetakan pertama =260 ##$$a Jakarta :$b Vania Books =300 ##$$a 192 halaman ; $c 13 x 18 cm. =600 #4$$a Fiksi Indonesia =990 ##$$a 10971097